<?xml version="1.0" encoding="UTF-8"?>
<record
    xmlns:xsi="http://www.w3.org/2001/XMLSchema-instance"
    xsi:schemaLocation="http://www.loc.gov/MARC21/slim http://www.loc.gov/standards/marcxml/schema/MARC21slim.xsd"
    xmlns="http://www.loc.gov/MARC21/slim">

  <leader>00511pam a2200193 a 4500</leader>
  <datafield tag="020" ind1=" " ind2=" ">
    <subfield code="c">2477.17</subfield>
  </datafield>
  <datafield tag="040" ind1=" " ind2=" ">
    <subfield code="a">Medical College Libr</subfield>
  </datafield>
  <datafield tag="041" ind1=" " ind2=" ">
    <subfield code="a">ENG</subfield>
    <subfield code="h">ENG</subfield>
  </datafield>
  <datafield tag="082" ind1=" " ind2=" ">
    <subfield code="a">618.92</subfield>
    <subfield code="b">CUL</subfield>
  </datafield>
  <datafield tag="100" ind1=" " ind2=" ">
    <subfield code="a">Culbertson, Jan L..</subfield>
  </datafield>
  <datafield tag="245" ind1=" " ind2=" ">
    <subfield code="a">Sudden Infant Death Syndrome / </subfield>
    <subfield code="c"></subfield>
    <subfield code="h">Textual Documents</subfield>
  </datafield>
  <datafield tag="260" ind1=" " ind2=" ">
    <subfield code="a">London : </subfield>
    <subfield code="b">Edward Arnold , </subfield>
    <subfield code="c">1988.</subfield>
  </datafield>
  <datafield tag="300" ind1=" " ind2=" ">
    <subfield code="a">242 ; </subfield>
    <subfield code="c"></subfield>
  </datafield>
  <datafield tag="365" ind1=" " ind2=" ">
    <subfield code="a">2477.17</subfield>
  </datafield>
  <datafield tag="653" ind1=" " ind2=" ">
    <subfield code="a">Paediatrics</subfield>
    <subfield code="a">Medical Science</subfield>
  </datafield>
  <datafield tag="930" ind1=" " ind2=" ">
    <subfield code="a">7858</subfield>
  </datafield>
  <datafield tag="999" ind1=" " ind2=" ">
    <subfield code="c">7857</subfield>
    <subfield code="d">7857</subfield>
  </datafield>
  <datafield tag="952" ind1=" " ind2=" ">
    <subfield code="0">0</subfield>
    <subfield code="1">0</subfield>
    <subfield code="4">0</subfield>
    <subfield code="7">0</subfield>
    <subfield code="a">MCP</subfield>
    <subfield code="b">MCP</subfield>
    <subfield code="d">2008-03-29</subfield>
    <subfield code="e">Bharati Madhyavarti Sahakari Grahak Bhandar Ltd.  </subfield>
    <subfield code="g">2477.17</subfield>
    <subfield code="l">0</subfield>
    <subfield code="o">618.92 CUL</subfield>
    <subfield code="p">MCP-12232</subfield>
    <subfield code="r">2023-02-06 00:00:00</subfield>
    <subfield code="t">1</subfield>
    <subfield code="w">2023-02-06</subfield>
    <subfield code="y">BK</subfield>
  </datafield>
</record>
